000
00202 a2200097 4500
001
3941
100
_a
Margenan, H
245
_a
Maths of physics & chemistry
260
_a
_b
Van
_c
090
_c
3171
_d
3171
942
_a
NUST-CAE
_c
M
_c
24125
999
_c
239014
_d
239014